| 000 | 01247cam a22002891i 4500 | ||
|---|---|---|---|
| 003 | SA-RiAUC | ||
| 005 | 20251109084332.0 | ||
| 008 | 251014s1984 su g b 00000cara c | ||
| 040 |
_aSA-JeALM _bara _cSA-RiAUC _erda |
||
| 050 | 4 | _b.D86 1984 | |
| 050 | 4 | _b.D86 1984 | |
| 082 | 0 | 4 |
_a923.3 _qSA-RiAUC |
| 090 |
_a923.3 _bد ن ي |
||
| 100 | 1 |
_aدنيا، شوقي أحمد _eمؤلف. |
|
| 245 | 1 | 0 |
_aسلسلة أعلام الاقتصاد الإسلامي : _bالقاضي أبو يوسف، محمد بن حسن الشيباني، أبو حامد محمد الغزالي، جعفر بن علي الدمشقي / _cتأليف شوقي أحمد دنيا. |
| 250 | _aالطبعة الأولى. | ||
| 264 | 1 |
_aالرياض : _bمكتبة الخريجي، _c1984 |
|
| 300 |
_aمجلد ؛ _c24 سم |
||
| 336 |
_aنص _btxt _2rdacontent _3كتاب |
||
| 337 |
_aبدون وسيط _bn _2rdamedia |
||
| 338 |
_aمجلد _bnc _2rdacarrier |
||
| 500 | _aإهداء من المؤلف شوقي أحمد دنياـ | ||
| 504 | _aيشتمل على إرجاعات ببليوجرافية. | ||
| 650 | 7 |
_aالاقتصاديون المسلمون _vتراجم _2aucsh |
|
| 942 |
_2ddc _cBOOK _n0 |
||
| 949 |
_aSA-JeALM _d251014 _umohamedma123 _n1 |
||
| 999 |
_c13092 _d13092 |
||